[Event "Seville op 32nd"]
[Site "Seville"]
[Date "2007.01.08"]
[Round "2"]
[White "Van der Weide, Karel"]
[Black "Jimenez Gonzalez, Manuel Jose"]
[Result "1-0"]
[WhiteElo "2476"]
[BlackElo "2049"]
[PlyCount "49"]
[EventDate "2007.01.07"]
[EventType "swiss"]
[EventRounds "9"]
[EventCountry "ESP"]
[SourceTitle "CBM 116 Extra"]
[Source "ChessBase"]
[SourceDate "2007.03.07"]
[SourceVersion "1"]
[SourceVersionDate "2007.03.07"]
[SourceQuality "1"]

1. e4 c5 2. Nf3 d6 3. d4 cxd4 4. Nxd4 Nf6 5. Nc3 a6 6. Be3 Nc6 7. f3 e5 8. Nb3 Be6 9. Qe2 Be7 10. 0-0-0 Bxb3 11. cxb3 0-0 12. Kb1 b5 13. g4 b4 14. Na4 Nd7 15. Qc2 Qc8 16. g5 Qb7 17. Bc4 Rac8 18. Bd5 Qb5 19. Qg2 g6 20. h4 Kg7 21. h5 Rh8 22. Qh3 Rcd8 23. Rd2 Nd4 24. f4 f5 25. Rxd4 1-0